Matter in mortion : The spirit and evolution of physics
Book cover the knowledge which the author found that it is necessary to develop forst the basic concepts of mechanics and the properties of light, magnetism, and electricity
محفوظ في:
| المؤلف الرئيسي: | |
|---|---|
| التنسيق: | كتاب |
| اللغة: | Undetermined |
| منشور في: |
Boston
Allyn and Bacon
1977
|
| الموضوعات: | |
| الوسوم: |
إضافة وسم
لا توجد وسوم, كن أول من يضع وسما على هذه التسجيلة!
|
| Thư viện lưu trữ: | Trung tâm Học liệu Trường Đại học Cần Thơ |
|---|
| LEADER | 00849nam a2200229Ia 4500 | ||
|---|---|---|---|
| 001 | CTU_220808 | ||
| 008 | 210402s9999 xx 000 0 und d | ||
| 020 | |c 3.0 | ||
| 082 | |a 530.09 | ||
| 082 | |b A146 | ||
| 100 | |a Abers, Ernest S. | ||
| 245 | 0 | |a Matter in mortion : | |
| 245 | 4 | |b The spirit and evolution of physics | |
| 245 | 0 | |c Ernest S. Abers, Charles F. Kennel | |
| 260 | |a Boston | ||
| 260 | |b Allyn and Bacon | ||
| 260 | |c 1977 | ||
| 520 | |a Book cover the knowledge which the author found that it is necessary to develop forst the basic concepts of mechanics and the properties of light, magnetism, and electricity | ||
| 650 | |a Physics,Vật lý,Vật lý thiên văn,Astrophysics | ||
| 650 | |x History,Lịch sử,Lịch sử,History | ||
| 904 | |i Nguyên | ||
| 980 | |a Trung tâm Học liệu Trường Đại học Cần Thơ | ||